000
00320nam a2200121Ia 4500
005
20251222143209.0
008
251222s9999||||xx |||||||||||||| ||spa||
082
_a
158.72/L762
100
_a
Llosa Rojas, Teobaldo
245
0
_a
Guía del Estrés Ejecutivo en el Mundo Empresarial Moderno
264
_b
Desa
942
_c
LIB
999
_c
13383
_d
13383